Statistical Analysis with Excel for Dummies - 4th Edition /

Uložené v:
Podrobná bibliografia
Hlavný autor: Schmuller, Joseph (Autor)
Médium: Kniha
Jazyk:English
Vydavateľské údaje: New Jersey: A Wiley Brand, 2016
Vydanie:4. vyd.
Edícia:Learning Made Easy
Predmet:
Tagy: Pridať tag
Žiadne tagy, Buďte prvý, kto otaguje tento záznam!

MARC

LEADER 00000nam a22000003a 4500
001 0090295
003 SK-STU
005 20210914104825.9
007 ta
008 210914s ----xo-----e------000-0-----d
020 |a 978-1-119-27115-4 
040 |a STU  |b slo 
041 0 |a eng  |h eng 
044 |a xxu 
100 1 |a Schmuller, Joseph  |4 aut 
245 1 0 |a Statistical Analysis with Excel for Dummies - 4th Edition /  |c aut. Joseph Schmuller 
250 |a 4. vyd. 
260 |a New Jersey:  |b A Wiley Brand,  |c 2016 
300 |a 527 s. 
490 0 |a Learning Made Easy 
650 0 7 |a statistical analysis 
650 0 7 |a Excel 
650 0 7 |a graphical analysis 
650 0 7 |a average and range method 
996 |c V* 53168/O-24328  |l VV3  |s P  |a 0  |w 0090295_0001